Hitman (1,2,3) All Story Mode Primary targets - Statistics

General Stats
  • This quiz has been taken 16 times
  • The average score is 28 of 40
Answer Stats
Hint Answer % Correct
Carpathian Mountains Arthur Edwards
91%
Hokkaido Erich Soders
91%
Miami Robert Knox
91%
Miami Sierra Knox
91%
Sapienza Silvio Caruso
91%
Island of Sgail Sophia Washington
91%
Island of Sgail Zoe Washington
91%
Dartmoor Alexa Carlisle
82%
Paris Dalia Margolis
82%
Sapienza Francesca De Santis
82%
Whittleton Creek Janus
82%
Bangkok Jordan Cross
82%
Bangkok Ken Morgan
82%
Whittleton Creek Nolan Cassidy
82%
Santa Fortuna Rico Delgado
82%
Colorado Sean Rose
82%
Paris Viktor Novikov
82%
Santa Fortuna Andrea Martinez
73%
Marrakesh Claus Hugo Strandberg
73%
Chongqing Hush
73%
Dubai Marcus Stuyvesant
73%
Berlin (only have to pick one) Montgomery/Banner/Tremaine/Price/Chamberlain/Green/Tham/Swan/Davenport/Rhodes/Lowenthal
73%
Marrakesh Reza Zaydan
73%
Dubai Carl Ingram
64%
Mumbai Dawood Rangan
64%
Mendoza Don Archibald Yates
64%
Colorado Ezra Berg
64%
Cuba Jasper Knight
64%
Santa Fortuna Jorge Franco
64%
Colorado Maya Parvati
64%
Colorado Penelope Graves
64%
Mumbai Vanya Shah
64%
Hokkaido Yuki Yamazaki
64%
Chongqing Imogen Royce
55%
Mendoza Tamara Vidal
55%
Mumbai Wazir Kale
55%
Hawke's Bay Alma Reynard
45%
Greenland Kalvin Ritter
36%
Ambrose Island Noel Crest
36%
Ambrose Island Sinhi Venthan
18%
No matching quizzes found
Score Distribution
Percent of People with Each Score
Percentile by Number Answered
Your Score History
You have not taken this quiz